000 00345pam a2200157a 44500
008 230515b2010 xxu||||| |||| 00| 0 eng d
020 _aNULL
041 _aENGLISH
082 _a621.43 RAM
100 _aS RAMAMRUTHAM
245 _aTHEORY OF STRUCTURES
250 _a9
260 _a
_bDHANPAT RAI
_c2010
300 _a1272
650 _aNULL
999 _c640904
_d640904